Proceedings of the twenty third annual ACM Symposium on Theory of Computing : New Orleans, Lousiana, May 6-8, 1991 /
Guardado en:
| Autores Corporativos: | , |
|---|---|
| Formato: | Libro |
| Idioma: | English |
| Publicado: |
New York :
ACM Press,
c1991.
|
| Etiquetas: |
Agregar Etiqueta
Sin Etiquetas, Sea el primero en etiquetar este registro!
|
| LEADER | 00816nam a22001695a 4500 | ||
|---|---|---|---|
| 001 | MAT.inmabb006935 | ||
| 008 | 160811s1991####nyua#####b####101#0#eng#d | ||
| 005 | 20160811142812.0 | ||
| 245 | 1 | 0 | |a Proceedings of the twenty third annual ACM Symposium on Theory of Computing : |b New Orleans, Lousiana, May 6-8, 1991 / |c sponsored by the ACM Special Interest Group for Automata and Computability Theory. |
| 260 | |a New York : |b ACM Press, |c c1991. | ||
| 300 | |a vii, 573 p. : |b il ; |c 28 cm. | ||
| 504 | |a Incluye referencias bibliográficas e índice de autores. | ||
| 020 | |a 0897913973 | ||
| 111 | 2 | |a ACM Symposium on Theory of Computing |n (23º : |d 1991 : |c New Orleans, Lousiana) | |
| 710 | 2 | |a ACM Special Interest Group for Automata and Computability Theory. | |
| 084 | |a 68-06 (68Qxx) |2 msc2000 | ||
| 859 | |h 68 |i Ac184-23 |p A-6584 |b BIB. MATEMATICA | ||
